Chansons de Ninho - Album M.I.L.S - Statistiques

Statistiques générales
  • Ce quiz a été pris 35 fois
  • Le résultat moyen est 9 sur 14
Statistiques - réponses
Ordre dans l'album Chansons % Correct
01 M.I.L.S
96%
09 Elle a mal
78%
13 Malcolm
78%
02 Soleil
78%
03 Sourire
74%
07 Dis-moi que tu m'aimes
70%
05 Crésus
67%
11 Somnambule
63%
10 Bitch Dab
59%
06 Monotonie
59%
12 Tout ira mieux
59%
04 Pour nous
56%
14 TTR
56%
08 La Roma
52%
Aucun quiz correspondant
Distribution des résultats
% des personnes avec chaque résultat
Percentile par nombre de réponses
Votre historique - résultats
Vous n’avez pas pris ce quiz